000 02142cam a22004814i 4500
003 PE-LiUPU
005 20250731173359.0
008 150706s r 000 0 d
020 _a9780812704600
035 _a(Sirsi) i9780812704600
040 _aPE-LiUPU
_bspa
_cPE-LiUPU
_erda
049 _aPRUA
082 0 4 _a228.0622
_bL61
_221
100 1 _aLichtenwalter, Larry L.,
_eautor.
245 1 0 _aRevelations great love story :
_bMore than i ever imagined /
_cLarry L. Lichten Walter.
264 1 _aHagerstown :
_bAutumn House,
_c2008.
300 _a141 páginas ;
_c23 centímetros
336 _atext
_2rdacontent
337 _aunmediated
_2rdamedia
338 _avolume
_2rdacarrier
504 _aIncluye notas bibliográficas.
505 0 _aHe's bigger than I am : famous last words -- He cancels my debts : look again for the first time -- He knows my name : the (lamb's) book of the living -- He's busy in my world : where things really happen -- He talks to me in the blink of an ear -- He knows everything about me : when there aren't enough rocks to throw -- He helps me win : Nike every day - "just do it!" -- He fills my imagination : an eye for the road -- He gives me purpose : rumors [promise] of another world.
526 _aSEG42
526 _aSEG41
526 _aSEG40
526 _aSEG39
526 _aP94
526 _aP87
526 _aP86
526 _aP85
526 _aP77
526 _aP76
526 _aP35
541 _g001-0000490;
630 _aBiblia.
_pN.T.
_pApocalipsis
_xCrítica, interpretación, etc.
650 0 4 _aAdventistas del séptimo día
_xDoctrinas.
910 _agl
_bjck
_d20101223
942 _2ddc
_cBOOK
949 _a228.0622 L61
_wDEWEY
_c1
_i62450
_lCCODEBUL1
_mBUL
_p11.00
_r0
_sY
_tBOOK
_u2015-7-6
_xTEOLOGIA
_PP35
_0COMPRA
_o.STAFF. Colección General
994 _aC0
_bPEPRU
596 _a1
999 _a228.0622 L61
_wDEWEY
_c51494
_i62450
_d51494
_f2021-11-9
_g5
_lCCODEBUL1
_mBUL
_p11.00
_q1
_r0
_sY
_tBOOK
_u2015-7-6
_xTEOLOGIA
_PP35
_0COMPRA
_o.STAFF. Colección General
980 _81
_gALBERTO SANCHEZ Responsable de Automatización